| 000 | 00511nam a22001817a 4500 | ||
|---|---|---|---|
| 003 | OSt | ||
| 005 | 20150930105233.0 | ||
| 008 | 130129t xxu||||| |||| 00| 0 eng d | ||
| 050 |
_aBS 335.T2 _b.P552 1980 |
||
| 082 |
_aFIL 220 _bP53 1988 |
||
| 245 |
_aMagandang balita biblia : _bTagalog / _cPhilippine Bible Society . |
||
| 260 |
_aManila: _bPhilippine Bible Society, _c1978. |
||
| 300 |
_a1 v. (various pagings) ; _c21 cm. |
||
| 526 | _c1210L-1700L | ||
| 562 | _e1 | ||
| 942 |
_2lcc _cBK _kFIL |
||
| 999 |
_c17380 _d17380 |
||